00290nam a2200121Ia 4500008004100000100001200041245002600053260003600079300001000115650002100125942000700146999001500153190216s9999||||xx |||||||||||||| ||und|| aMohan P 0aComputer Applications bHimalaya Publishing Housec1996 a182 p aComputer Science cBK c8541d8541